• 首页
  • 本馆介绍
  • 公告通知
  • 最新文献
  • 馆藏检索
  • 电子资源
  • 读者导购
  • 参考咨询
  • 我的图书馆
  • 登录
  • 详细信息显示
  • 放入我的书架
  • 预约/预借图书
  • 作者相关作品
  • 分类相关作品
  • 丛书相关作品
  • 出版社相关作品

书目信息

  • 表格格式
  • 工作单格式
  • 卡片格式
题名:
提升企业竞争能力的新途径
    
 
作者: 张祥 著
分册:  
出版信息: 北京   科学出版社  2013
页数: 126页
开本: 24cm
丛书名:
单 册:
中图分类: F271.3
科图分类:
主题词: 企业竞争--竞争力--研究 , 企业竞争 , 竞争力
电子资源:
ISBN: 978-7-03-037776-0
000 01300nam0 2200277 450
001 524
005 20140908165634.01
010    @a978-7-03-037776-0@dCNY42.00
100    @a20130807d2013 em y0chiy50 ea
101 0  @achi
102    @aCN@b110000
105    @ay z 000yy
106    @ar
200 1  @a提升企业竞争能力的新途径@ATi Sheng Qi Ye Jing Zheng Neng Li De Xin Tu Jing@e让顾客参与共创价值@ERang Gu Ke Can Yu Gong Chuang Jia Zhi@f张祥著@FZhang Xiang Zhu
210    @a北京@c科学出版社@d2013
215    @a126页@d24cm
300    @a教育部新世纪优秀人才支持计划项目 国家自然科学基金面上项目 北京市优秀人才培养资助项目资助出版
330    @a本书基于对我国企业的大量实证研究和现场调研,提出顾客订单拉动和预测驱动两种生产方式的不同运作逻辑,发现职能策略和顾客策略协调一致的企业所具有的竞争优势,建立了顾客参与链模型以有助于系统地分析顾客参与共创价值的各阶段、各种增值活动、方法及其所产生的独特竞争优势,阐释了企业与顾客共创价值的两个基本原则,指明了企业与顾客共创价值来提升企业竞争力的优化路径。
517 1  @a让顾客参与共创价值@ARang Gu Ke Can Yu Gong Chuang Jia Zhi
606 0  @a企业竞争@x竞争力@x研究
606 0  @a企业竞争
606 0  @a竞争力
690    @aF271.3@v5
701  0 @a张祥@AZhang Xiang@g(管理学)@4著
801  0 @aCN@bTANGWEI@c20140603
905    @b0838495-97@dF271.3@e983@f3
    
    提升企业竞争能力的新途径:让顾客参与共创价值/张祥著.-北京:科学出版社,2013
    126页;24cm
    教育部新世纪优秀人才支持计划项目 国家自然科学基金面上项目 北京市优秀人才培养资助项目资助出版
    
    ISBN 978-7-03-037776-0:CNY42.00
    本书基于对我国企业的大量实证研究和现场调研,提出顾客订单拉动和预测驱动两种生产方式的不同运作逻辑,发现职能策略和顾客策略协调一致的企业所具有的竞争优势,建立了顾客参与链模型以有助于系统地分析顾客参与共创价值的各阶段、各种增值活动、方法及其所产生的独特竞争优势,阐释了企业与顾客共创价值的两个基本原则,指明了企业与顾客共创价值来提升企业竞争力的优化路径。
●
相关链接 在E读中查询图书 在五车中查询图书 在当当中查询图书 在豆瓣中查询图书


正题名:提升企业竞争能力的新途径     索取号:F271.3/983         预约/预借

序号 登录号 条形码 馆藏地/架位号 状态 备注
1 0838495   208384951   第一样本阅览室/ [索取号:F271.3/983] 在馆    
2 0838496   208384960   密集书库-海洋学院/ [索取号:F271.3/983] 在馆    
3 0838497   208384979   第一借阅区/ [索取号:F271.3/983] 在馆    
唐山师范学院图书馆 欢迎您!
大连网信软件有限公司© 版权所有